Instrumen muzik tradisional

Bibliographic Details
Main Author: Maruwiah Ahmat
Format: Book
Published: Kuala Lumpur : Makmur Educational Supplies Sdn Bhd , 2014
Series:Siri Budaya Warisan Malaysia
Subjects:

MARC

LEADER 00000cam a2200000 7i4500
001 0000041621
005 20160314.0
008 140804
020 |a 9789670510835 (set) 
020 |a 9789670510903 
090 0 0 |a JF   |b CUS MAL 
100 0 |a Maruwiah Ahmat 
245 1 4 |a Instrumen muzik tradisional   |c Maruwiah Ahmat 
260 |a Kuala Lumpur :   |b Makmur Educational Supplies Sdn Bhd ,   |c 2014 
490 0 |a Siri Budaya Warisan Malaysia 
500 |a Children ages 7-9 years old (orange) 
650 0 |a Folk music   |z Malaysia 
650 0 |a Instrument   |z Malaysia 
999 |a 0001279005   |b Book   |c Children Collection   |e Cawangan Bukit Gambir 
999 |a 0001279009   |b Book   |c Children Collection   |e Cawangan Bandar Penawar 
999 |a 0001279015   |b Book   |c Children Collection   |e Cawangan Mersing 
999 |a 0001279016   |b Book   |c Children Collection   |e Cawangan Tmn. Ungku Tun Aminah 
999 |a 0001279018   |b Book   |c Children Collection   |e Cawangan Segamat 
999 |a 0001279019   |b Book   |c Children Collection   |e Cawangan AEON Kulaijaya